[Event "Wch FIDE Online U10 Girls Europe qual"]
[Site "Tornelo INT"]
[Date "2020.12.09"]
[Round "7"]
[White "Levstik, Taja"]
[Black "Sarkisian, Aikaterina"]
[Result "1-0"]
[WhiteElo "1055"]
[BlackElo "1243"]
[PlyCount "59"]
[EventDate "2020.12.07"]
[EventType "swiss (rapid)"]
[EventRounds "7"]
[EventCountry "ISS"]
[SourceTitle "EXT 2022"]
[Source "ChessBase"]
[SourceDate "2021.10.06"]
[SourceVersion "1"]
[SourceVersionDate "2021.10.06"]
[SourceQuality "1"]

1. e4 c5 2. c3 Nc6 3. d4 cxd4 4. cxd4 Nf6 5. Nc3 e5 6. d5 Nd4 7. Be3 Bc5 8. Nf3 Nxf3+ 9. Qxf3 Bxe3 10. fxe3 d6 11. Bc4 Bg4 12. Qf2 a6 13. h3 Bd7 14. 0-0 0-0 15. Ne2 Rc8 16. Bd3 Bb5 17. Bxb5 axb5 18. Ng3 Ra8 19. Nf5 Nxe4 20. Qf3 Ng5 21. Qg4 Qf6 22. h4 g6 23. Nh6+ Kg7 24. Rxf6 Kxf6 25. Qxg5+ Kg7 26. Rf1 Rxa2 27. b3 Ra3 28. Nf5+ Kh8 29. Qf6+ Kg8 30. Nh6# 1-0

[Event "Balkan-ch U10 Girls"]
[Site "Tornelo INT"]
[Date "2020.10.31"]
[Round "3"]
[White "Arshinkova, Ralitsa"]
[Black "Levstik, Taja"]
[Result "1-0"]
[WhiteElo "1169"]
[BlackElo "1055"]
[PlyCount "121"]
[EventDate "2020.10.31"]
[EventType "swiss"]
[EventRounds "7"]
[EventCountry "NET"]
[SourceTitle "EXT 2023"]
[Source "ChessBase"]
[SourceDate "2022.10.05"]
[SourceVersion "1"]
[SourceVersionDate "2022.10.05"]
[SourceQuality "1"]

1. e4 e5 2. Nf3 Nc6 3. Bc4 Nf6 4. d3 Bc5 5. 0-0 d5 6. exd5 Nxd5 7. Bg5 Nf6 8. Nc3 0-0 9. Ne4 h6 10. Bxf6 gxf6 11. Nxc5 Kh8 12. Bb5 Rg8 13. Bxc6 bxc6 14. Ne4 f5 15. Nc3 f4 16. Nxe5 Be6 17. Nxc6 Qg5 18. Qf3 Bg4 19. Qe4 Bh3 20. Qe5+ Qxe5 21. Nxe5 Bxg2 22. Nxf7+ Kh7 23. Rfe1 Rg7 24. Ne5 Rag8 25. Ne2 Bh3+ 26. Kh1 f3 27. Ng3 h5 28. Nxf3 Bg4 29. Nh4 Bh3 30. Re3 Rg4 31. Re4 R4g7 32. Rae1 Rf8 33. f3 Rfg8 34. Re7 Rb8 35. Rxg7+ Kxg7 36. b3 a5 37. Nhf5+ Kf6 38. Ne7 h4 39. Nh5+ Kf7 40. Nf4 Bd7 41. Ned5 Rg8 42. Rg1 Rh8 43. Nxc7 Bc6 44. Rg6 Ke7 45. Rxc6 Rf8 46. Rc4 h3 47. Ng6+ Kf7 48. Nxf8 Kxf8 49. Re4 Kf7 50. Ne8 Kf8 51. c4 Kf7 52. c5 Kg6 53. c6 Kg5 54. c7 Kf5 55. c8Q+ Kg6 56. Ng7 Kf6 57. Qe6+ Kxg7 58. Rg4+ Kh7 59. Qf5+ Kh6 60. Rg8 a4 61. Qg6# 1-0